000
00269nam a2200133Ia 4500
100
_a
Johnson & Abercromble
650
_a
General
942
_c
BK
654
_a
Biology
245
_a
New Biology
260
_b
Penguin Books
_c
2001
082
_a
574
546
_a
ENGLISH
999
_c
28118
_d
28118